Sports Quiz

Random Sports or Nation Quiz

Most F1 Grand Prix (drivers) Quiz Stats

 Plays Quiz not verified by Sporcle

Challenge
Share
Tweet
Embed
Score 0/35 Timer 05:00
0 Plays Today
Races Driver % Correct
251Michael Schumacher
99.4%
180Ralf Schumacher
99%
287Rubens Barrichello
96.8%
199Alain Prost
91.8%
141Fernando Alonso
91.6%
161Ayrton Senna
90.1%
140Mark Webber
89.7%
246David Coulthard
87.3%
161Mika Hakkinen
86.3%
172Jenson Button
85.2%
187Nigel Mansell
84.8%
175Graham Hill
84.8%
163Jacques Villeneuve
84%
156Kimi Raikkonen
82.7%
210Gerhard Berger
81.4%
171Niki Lauda
80.6%
217Jarno Trulli
79.5%
229Giancarlo Fisichella
77.9%
Races Driver % Correct
204Nelson Piquet Snr.
77.2%
256Riccardo Patrese
73.4%
201Jean Alesi
73.2%
144Emerson Fittipaldi
61.6%
158Martin Brundle
58.7%
167Nick Heidfeld
57.6%
146Carlos Reutemann
57.6%
163Thierry Boutsen
56.1%
161Johnny Herbert
56.1%
158Olivier Panis
54.8%
156Heinz-Harald Frentzen
53.6%
208Andrea de Cesaris
52.7%
194Michele Alboreto
49.2%
146Edmund Irvine
48.5%
176Jacques Laffite
44.7%
152John Watson
34%
146Derek Warwick
31.2%

You're not logged in!

Compare scores with friends on all Sporcle quizzes.
OR
Log In

You Might Also Like...

Show Comments

Extras

Top Quizzes Today


Score Distribution

Your Account Isn't Verified!

In order to create a playlist on Sporcle, you need to verify the email address you used during registration. Go to your Sporcle Settings to finish the process.

Report this User

Report this user for behavior that violates our Community Guidelines.

Details: